Southville International School and Colleges
Your cart is empty.
  • Cart
  • Lists
    Public lists Eva Luna New books Lux_list list_1
    Your lists Log in to create your own lists
  • Log in to your account
  • Your cookies
  • Search history
Southville International School and Colleges
  • Advanced search
  • Recent comments
  • Most popular
  • Libraries

Log in to your account

Log in with GOOGLE


If you do not have an external account, but do have a local account, you can still log in:

  1. Home
  2. MARC view: Algebra for college students /
Normal view MARC view ISBD view

Algebra for college students / (Record no. 8863)

[ view plain ]
MARC details
000 -LEADER
fixed length control field 00597nam a22002177a 4500
003 - CONTROL NUMBER IDENTIFIER
control field OSt
005 - DATE AND TIME OF LATEST TRANSACTION
control field 20140310182045.0
008 - FIXED-LENGTH DATA ELEMENTS--GENERAL INFORMATION
fixed length control field 130816t xxu||||| |||| 00| 0 eng d
020 ## - INTERNATIONAL STANDARD BOOK NUMBER
International Standard Book Number 0072934824
050 ## - LIBRARY OF CONGRESS CALL NUMBER
Classification number QA 154.3
Item number .D837 2006
082 ## - DEWEY DECIMAL CLASSIFICATION NUMBER
Classification number HS 512.9
Item number D87 2006
100 ## - MAIN ENTRY--PERSONAL NAME
Personal name Dugopolski, Mark
9 (RLIN) 11543
245 ## - TITLE STATEMENT
Title Algebra for college students /
Statement of responsibility, etc Mark Dugopolski
250 ## - EDITION STATEMENT
Edition statement 4th ed.
260 ## - PUBLICATION, DISTRIBUTION, ETC. (IMPRINT)
Place of publication, distribution, etc Boston :
Name of publisher, distributor, etc McGraw-Hill,
Date of publication, distribution, etc c2006.
300 ## - PHYSICAL DESCRIPTION
Extent 889 p.:
Other physical details ill.;
Dimensions 220 cm.
541 ## - IMMEDIATE SOURCE OF ACQUISITION NOTE
-- 1
600 ## - SUBJECT ADDED ENTRY--PERSONAL NAME
Personal name Mark Dugopolski.
9 (RLIN) 11544
650 ## - SUBJECT ADDED ENTRY--TOPICAL TERM
Topical term or geographic name as entry element Algebra
9 (RLIN) 11545
942 ## - ADDED ENTRY ELEMENTS (KOHA)
Source of classification or shelving scheme Library of Congress Classification
Koha item type
Holdings
Withdrawn status Lost status Source of classification or shelving scheme Damaged status Home library Current library Shelving location Date acquired Total Checkouts Full call number Barcode Date last seen Date checked out Copy number Price effective from Koha item type
    Library of Congress Classification   Luxembourg Library Luxembourg Library High School Section 08/16/2013 1 QA 154.3 .D837 2006 14939 08/04/2015 08/01/2015 1 08/16/2013 Books
    Library of Congress Classification   Luxembourg Library Luxembourg Library High School Section 08/16/2013 1 QA 154.3 .D837 2006 14886 04/06/2015 03/31/2015 2 08/16/2013 Books

Algebra for college students /

APA

Dugopolski M., . (2006). Algebra for college students. Boston: McGraw-Hill.

Chicago

Dugopolski Mark, . 2006. Algebra for college students. Boston: McGraw-Hill.

Harvard

Dugopolski M., . (2006). Algebra for college students. Boston: McGraw-Hill.

MLA

Dugopolski Mark, . Algebra for college students. Boston: McGraw-Hill. 2006.

  • Place hold
  • Print
  • Cite
  • Add to your cart (remove)
  • Save record
    BIBTEX Dublin Core MARCXML MARC (non-Unicode/MARC-8) MARC (Unicode/UTF-8) MARC (Unicode/UTF-8, Standard) MODS (XML) RIS
  • More searches
    Search for this title in:
    Other Libraries (WorldCat) Other Databases (Google Scholar) Online Stores (Bookfinder.com) Open Library (openlibrary.org)

Exporting to Dublin Core...

SOUTHVILLE LIBRARY

Southville International School and Colleges Library

1281 Tropical Ave. Cor. Luxembourg St., BF Homes International, Las Pinas City

Tel. No. 8256374 / 252358 Loc. 117/146

Powered by Koha